| 000 | 02372nam a2200313 i 4500 | ||
|---|---|---|---|
| 001 | 000016619 | ||
| 003 | DO-SdBNP | ||
| 005 | 20241018101348.0 | ||
| 007 | ta | ||
| 008 | 100308s1993 dr a 000 0 spa d | ||
| 040 |
_aDO-SdBNP _bspa _cBNPHU _erda |
||
| 041 | _aspa | ||
| 082 | 4 |
_a641.597293 _bO74c, 1993 _222 |
|
| 100 | 1 |
_aOrnes, Amanda, _d1987-1981 _936922 _4aut. _eautor |
|
| 245 | 1 | 0 |
_aCocina criolla / _cAmanda Ornes. |
| 250 | _a6ta. edición | ||
| 264 | 4 |
_aSanto Domingo : _bEditora Taller, _c©1993. |
|
| 300 |
_a632 páginas ; _c23 cm. |
||
| 336 |
_atexto _btxt _2rdacontent |
||
| 337 |
_asin mediación _bn _2rdamedia |
||
| 338 |
_avolumen _bnc _2rdacarrier |
||
| 505 | 2 | _aPrólogo -- Generalidades acerca de la vivienda -- Entrantes -- Caldos y sopas -- Pastas -- Huevos -- Pescados, Mariscos -- Cangrejos y jaibas -- Aves -- La carne -- Vegetales -- El maíz-- El trigo -- La avena -- La cebada -- El centeno -- El sagú-- La papa -- Plátano -- Batata -- Yuca -- Yautia -- Náme -- El mapuey -- Auyama -- Tayotes -- Berenjenas -- Molondrones o quimbombos -- Repollo -- Espinacas -- Esparragos -- Zanahoria -- Palmito -- El cohombro o pepino -- El pepino -- La lechuga -- El berro -- Condimentos -- Tomates -- Pimiento o ají -- El vinagre -- El leren -- El apio -- Los hongos o setas (champiñónes) -- La trufa o criadilla de tierra -- Alcachofa -- La bija o achiote -- Jengibre -- La miel de abejas -- El melado -- La aceituna -- La alcaparra -- El mani -- El ajonjolí -- Granos -- Frutas -- Conservas de frutas -- Encurtidos -- Suples -- Croquetas y frituras -- Salsas -- Ensaladas -- Gelatinas -- El pan -- Sandwiches o emparenados -- La leche -- La mantequilla -- La margarina -- El queso -- El café -- Chocolate -- El té -- La tisana -- Vinos -- Licores -- Cocteles -- Ponches -- Helados -- Parfaits (cremas heladas) -- Mousses -- Refrescos -- Horchatas -- Pastaleria -- Bizcochos -- Instrucciones generales para decorar azucarados -- Pasteles (pies) o tortas -- Galleticas -- Buñuelos y otras pastas -- Arrollados -- Pudines de pan -- Quesillos -- Flanes -- Dulces de huevo -- Dulces de leche -- Dulces de frutas. | |
| 590 | _aInventariado, 2023/MFF | ||
| 650 | 4 |
_aCocina dominicana _9192 |
|
| 650 | 4 |
_aPreparación de alimentos _9193 |
|
| 650 | 0 |
_aGastronomía _9362 |
|
| 910 | _aValidado. Control de calidad BNPHU | ||
| 942 |
_2ddc _cLBS1 |
||
| 999 |
_c16152 _d16152 |
||